000 01078nam a22003137a 4500
003 CHAP
005 20220329135804.0
008 971013s1965 r 00010 d
010 _a42177
011 _a43149
035 _a47285
040 _cCHAP
082 _a352.072
_bM47 1964
110 _aMéxico. Dirección General de Estadística
_976986
245 _aDivisión municipal de las entidades federativas, 1964
260 _aMéxico, D.F. :
_bLa Dirección,
_c1965
300 _a110 p
590 _aBATCH-UPD
_b10
_c20130110
_lUCH01
_h0139
590 _aBATCH-UPD
_b10
_c20130110
_lUCH01
_h2200
590 _aBATCH-UPD
_b10
_c20130410
_lUCH01
_h1508
590 _aBATCH-UPD
_b10
_c20130914
_lUCH01
_h0943
590 _aCONVERSION
_b10
_c20130109
_lUCH01
_h1323
650 1 4 _aCiudades y pueblos
_xAguascalientes.
_923508
650 1 4 _aMéxico
_xDivisiones administrativas y políticas.
_976741
901 _aBK
942 _cLIBRO
949 _a352.072 M47 1964
_bBC
_cBPA
_d-107484
_eBPA
_h29536
_i47285
_si
949 _a352.072 M47 1964
_bBC
_cBPA
_d-150471
_eBPA
_fc.2
_h6957
_i47285
_si
999 _c42177
_d42177